[Event "World Rapid 2022"]
[Site "Almaty KAZ"]
[Date "2022.12.28"]
[Round "12.9"]
[White "Vachier-Lagrave, Maxime"]
[Black "Amin, Bassem"]
[Result "1-0"]
[WhiteTitle "GM"]
[BlackTitle "GM"]
[WhiteElo "2737"]
[BlackElo "2682"]
[WhiteFideId "623539"]
[BlackFideId "10601457"]
[EventDate "2022.12.26"]

1. e4 e5 2. Nf3 Nc6 3. Bb5 a6 4. Ba4 Nf6 5. O-O Be7 6. d3 d6 7. c3 O-O 8. Re1
Re8 9. Nbd2 Bf8 10. Nf1 b5 11. Bc2 d5 12. exd5 Nxd5 13. d4 exd4 14. Bg5 Rxe1 15.
Qxe1 Be7 16. Rd1 Bxg5 17. Nxg5 Bf5 18. Nxf7 Qf6 19. Bxf5 Qxf5 20. Ng5 Nf6 21.
cxd4 Nxd4 22. Rxd4 Qxg5 23. Qe6+ Kh8 24. Qc6 Re8 25. Qxc7 h6 26. Rd8 Qg6 27. h3
Rxd8 28. Qxd8+ Kh7 29. Qd1 Qe4 30. Ne3 Kh8 31. a3 Qe5 32. Qd8+ Kh7 33. Qd3+ Kh8
34. Qc2 a5 35. Kf1 b4 36. axb4 axb4 37. Ke2 Nd5 38. Qc8+ Kh7 39. Qf5+ Qxf5 40.
Nxf5 Nf4+ 41. Kf3 Nd3 42. b3 Ne1+ 43. Kg3 Kg6 44. Ne7+ Kf7 45. Nc6 Nd3 46. Kf3
Ke6 47. Ke3 Nc5 48. Nd4+ Kd5 49. f4 g6 50. g4 h5 51. g5 h4 52. f5 gxf5 53. g6
f4+ 54. Kxf4 Kxd4 55. Kf5 1-0

[Event "World Rapid 2022"]
[Site "Almaty KAZ"]
[Date "2022.12.28"]
[Round "12.10"]
[White "Mamedyarov, Shakhriyar"]
[Black "Sargsyan, Shant"]
[Result "1-0"]
[WhiteTitle "GM"]
[BlackTitle "GM"]
[WhiteElo "2740"]
[BlackElo "2645"]
[WhiteFideId "13401319"]
[BlackFideId "13306766"]
[EventDate "2022.12.26"]

1. d4 Nf6 2. c4 e6 3. Nc3 Bb4 4. g3 O-O 5. Bg2 d5 6. Nf3 dxc4 7. O-O c5 8. dxc5
Bxc5 9. Qa4 Nc6 10. Qxc4 Bb6 11. Rd1 Qe7 12. Na4 e5 13. Nxb6 axb6 14. Be3 Be6
15. Qh4 b5 16. a3 h6 17. Nd2 Rfd8 18. Ne4 Nxe4 19. Qxe7 Nxe7 20. Bxe4 Nd5 21.
Rac1 f5 22. Bd3 b4 23. Bc5 bxa3 24. Bxa3 e4 25. Bc4 Nc7 26. Bxe6+ Nxe6 27. Be7
Rxd1+ 28. Rxd1 Rc8 29. Rd2 Kf7 30. Bb4 Rd8 31. Rc2 Rd7 32. Kg2 g6 33. h4 h5 34.
Bc3 Ke7 35. Rc1 Nd4 36. Kf1 Nc6 37. Ke1 Ke6 38. Ra1 Rd8 39. Ra3 Rd7 40. f3 exf3
41. exf3 Kd5 42. Ke2 Re7+ 43. Kd3 Ne5+ 44. Bxe5 Kxe5 45. Rb3 Rd7+ 46. Ke3 Rc7
47. Rb6 f4+ 48. gxf4+ Kf5 49. Rb5+ Kf6 50. f5 gxf5 51. Rb6+ Ke5 52. f4+ Kd5 53.
Rf6 Re7+ 54. Kd3 Rd7 55. Rxf5+ Ke6+ 56. Ke4 Rd2 57. Re5+ Kf6 58. b4 Re2+ 59. Kd5
Rf2 60. Ke4 Re2+ 61. Kd4 Rd2+ 62. Kc5 Rf2 63. Rxh5 Rxf4 64. b5 Kg6 65. Rh8 Kg7
66. Rb8 Rxh4 67. Rxb7+ Kf6 68. b6 Ke6 69. Rg7 Rh1 70. b7 Rc1+ 71. Kb6 Rb1+ 72.
Kc7 Rc1+ 73. Kd8 1-0

[Event "World Rapid 2022"]
[Site "Almaty KAZ"]
[Date "2022.12.28"]
[Round "12.11"]
[White "Mamedov, Rauf"]
[Black "Yu, Yangyi"]
[Result "1-0"]
[WhiteTitle "GM"]
[BlackTitle "GM"]
[WhiteElo "2646"]
[BlackElo "2728"]
[WhiteFideId "13401653"]
[BlackFideId "8603820"]
[EventDate "2022.12.26"]

1. e4 e5 2. Nf3 Nf6 3. Nxe5 d6 4. Nf3 Nxe4 5. d4 d5 6. Bd3 Be7 7. O-O Nc6 8. Re1
Bf5 9. Nbd2 Nxd2 10. Qxd2 Bg6 11. c3 O-O 12. Bxg6 hxg6 13. Qf4 Bd6 14. Qg4 Qc8
15. Qg5 Qf5 16. Qxf5 gxf5 17. Bd2 g6 18. h4 f6 19. g3 Kf7 20. Kg2 a5 21. a4 Rfb8
22. Re2 b5 23. axb5 Rxb5 24. Bc1 Re8 25. Rxe8 Kxe8 26. Ne1 Nd8 27. Nd3 Ne6 28.
Bd2 Kf7 29. Kf3 c5 30. dxc5 Nxc5 31. Nxc5 Bxc5 32. b4 Bb6 33. Ra4 axb4 34. Rxb4
Rxb4 35. cxb4 Ke6 36. Ke2 Kd6 37. f3 Ke6 38. Be3 Bc7 39. Bf2 Be5 40. Kd3 Kd7 41.
b5 Kc7 42. g4 fxg4 43. fxg4 f5 44. gxf5 gxf5 45. h5 Bg7 46. Be3 Kb7 47. Bc5 Kc7
48. Ke3 Kd7 49. Kf3 Bh6 50. Be3 Bg7 51. h6 Bf6 52. h7 Kd6 53. Ke2 d4 54. Bf2 f4
55. Kd3 f3 56. Bxd4 Bxd4 57. Kxd4 f2 58. h8=Q f1=Q 59. Qd8+ Ke6 60. Qe8+ Kd6 61.
Qc6+ Ke7 62. Qc7+ Ke6 63. Kc5 Qf2+ 64. Kc6 Qf3+ 65. Kb6 Qe3+ 66. Kb7 Kf5 67. b6
Kg4 68. Kb8 Kh5 69. b7 Qe8+ 70. Ka7 Qa4+ 71. Kb6 Qb4+ 72. Ka6 1-0

[Event "World Rapid 2022"]
[Site "Almaty KAZ"]
[Date "2022.12.28"]
[Round "12.12"]
[White "Petrosyan, Manuel"]
[Black "Svane, Rasmus"]
[Result "1/2-1/2"]
[WhiteTitle "GM"]
[BlackTitle "GM"]
[WhiteElo "2621"]
[BlackElo "2622"]
[WhiteFideId "13300857"]
[BlackFideId "4657101"]
[EventDate "2022.12.26"]

1. d4 Nf6 2. Bf4 d5 3. e3 e6 4. Nf3 Bd6 5. Nbd2 O-O 6. Bd3 c5 7. dxc5 Bxc5 8.
O-O Nbd7 9. c4 b6 10. a3 Bb7 11. h3 Re8 12. cxd5 Nxd5 13. Bg3 a6 14. Qe2 Be7 15.
Ne4 N5f6 16. Nd6 Bxd6 17. Bxd6 Nc5 18. Bxc5 bxc5 19. Rfd1 Bxf3 20. Qxf3 Qb6 21.
Rd2 Red8 22. Rad1 Rab8 23. Bc4 a5 24. b3 h6 25. g3 Rxd2 26. Rxd2 Rd8 27. Qd1
Rxd2 1/2-1/2

[Event "World Rapid 2022"]
[Site "Almaty KAZ"]
[Date "2022.12.28"]
[Round "12.14"]
[White "Andreikin, Dmitry"]
[Black "Murzin, Volodar"]
[Result "0-1"]
[WhiteTitle "GM"]
[BlackTitle "GM"]
[WhiteElo "2729"]
[BlackElo "2561"]
[WhiteFideId "4158814"]
[BlackFideId "44155573"]
[EventDate "2022.12.26"]

1. Nf3 d5 2. g3 Bg4 3. Bg2 e6 4. h3 Bh5 5. c4 c6 6. cxd5 Bxf3 7. Bxf3 cxd5 8.
O-O Nc6 9. d3 Nf6 10. Nc3 Bd6 11. Bg2 O-O 12. Qb3 Qb6 13. Qxb6 axb6 14. Bd2 Rfc8
15. Rfc1 Be5 16. Kf1 Nd7 17. f4 Bf6 18. e4 dxe4 19. dxe4 Bd4 20. e5 Nc5 21. Rd1
Rd8 22. Rab1 h5 23. Ne2 h4 24. b4 Na4 25. b5 Ne7 26. Bxb7 Ra7 27. Be4 Nc5 28.
Bf3 Ra3 29. Bc3 Nf5 30. Nxd4 Ne3+ 31. Kg1 Rxc3 32. Rd2 Nc4 33. Rdd1 Na3 34. Nb3
Rxd1+ 35. Rxd1 Rxf3 36. Nxc5 Rxg3+ 37. Kf2 Nxb5 38. Ne4 Ra3 39. Ng5 Rxa2+ 40.
Kf3 Kf8 41. Rd8+ Ke7 42. Rb8 Ra7 43. Rxb6 Nc3 44. Kg4 Nd5 45. Rb3 f6 46. Nf3 Ra4
47. Rb7+ Kf8 48. Nxh4 Nxf4 49. Nf3 Ne2+ 50. Kh5 Rf4 51. Rb3 Rf5+ 52. Kg4 Rf4+
53. Kh5 fxe5 54. Nh4 Kf7 55. Ng2 Rf5+ 56. Kg4 Nd4 57. Nh4 Rf4+ 58. Kg5 Nxb3 0-1

[Event "World Rapid 2022"]
[Site "Almaty KAZ"]
[Date "2022.12.28"]
[Round "12.15"]
[White "Tabatabaei, M. Amin"]
[Black "Tomashevsky, Evgeny"]
[Result "1-0"]
[WhiteTitle "GM"]
[BlackTitle "GM"]
[WhiteElo "2660"]
[BlackElo "2694"]
[WhiteFideId "12521213"]
[BlackFideId "4147235"]
[EventDate "2022.12.26"]

1. Nf3 d5 2. g3 Nf6 3. Bg2 e6 4. O-O Be7 5. d3 O-O 6. Nbd2 c5 7. e4 Nc6 8. Re1
b5 9. e5 Nd7 10. Nf1 a5 11. h4 b4 12. N1h2 a4 13. a3 Bb7 14. h5 Nb6 15. h6 g6
16. Ng4 Rc8 17. Bf4 d4 18. Nd2 Nd5 19. Bxd5 exd5 20. Nf3 Qd7 21. Nf6+ Bxf6 22.
exf6 Rfe8 23. axb4 Nxb4 24. Ne5 Qf5 25. Rxa4 Nc6 26. Nxc6 Bxc6 27. Ra6 Qxf6 28.
Rxe8+ Rxe8 29. Qg4 Qe6 30. Qxe6 Rxe6 31. Ra5 c4 32. b4 f6 33. b5 Be8 34. Bc7
Re1+ 35. Kg2 Rb1 36. b6 Bc6 37. Rc5 Bd7 38. Ra5 Bc6 39. Bd8 Rb2 40. Ra7 Rxc2 41.
Rg7+ Kf8 42. Rxh7 1-0

[Event "World Rapid 2022"]
[Site "Almaty KAZ"]
[Date "2022.12.28"]
[Round "12.17"]
[White "Grischuk, Alexander"]
[Black "Nguyen, Thai Dai Van"]
[Result "1-0"]
[WhiteTitle "GM"]
[BlackTitle "GM"]
[WhiteElo "2745"]
[BlackElo "2656"]
[WhiteFideId "4126025"]
[BlackFideId "358878"]
[EventDate "2022.12.26"]

1. Nf3 d5 2. g3 Nf6 3. Bg2 e6 4. O-O Be7 5. c4 O-O 6. d3 c5 7. cxd5 Nxd5 8. d4
b6 9. e4 Nf6 10. Nc3 Bb7 11. Re1 Na6 12. a3 Rc8 13. d5 exd5 14. exd5 Nxd5 15.
Nxd5 Bxd5 16. Rxe7 Qxe7 17. Qxd5 Rfd8 18. Qc4 Rd1+ 19. Bf1 Qb7 20. Kg2 Nc7 21.
Be2 Rd4 22. Qc2 Ne6 23. Be3 Rdd8 24. Kg1 h6 25. Re1 b5 26. Qf5 Rd5 27. Qg4 h5
28. Qe4 Rcd8 29. Ng5 Nxg5 30. Bxg5 f6 31. Be3 Qd7 32. Qg6 h4 33. gxh4 a6 34. Bf3
Re5 35. Rd1 Qe7 36. Rxd8+ Qxd8 37. h5 c4 38. h6 Re7 39. Be4 1-0

[Event "World Rapid 2022"]
[Site "Almaty KAZ"]
[Date "2022.12.28"]
[Round "12.18"]
[White "Sadhwani, Raunak"]
[Black "Esipenko, Andrey"]
[Result "1/2-1/2"]
[WhiteTitle "GM"]
[BlackTitle "GM"]
[WhiteElo "2627"]
[BlackElo "2678"]
[WhiteFideId "35093487"]
[BlackFideId "24175439"]
[EventDate "2022.12.26"]

1. e4 e5 2. Nf3 Nc6 3. Bc4 Nf6 4. d3 Bc5 5. Nc3 a6 6. h3 h6 7. Bd2 d6 8. Qe2 Be6
9. Nd5 Bxd5 10. exd5 Ne7 11. d4 exd4 12. O-O-O Kf8 13. Qd3 b5 14. Bb3 Nexd5 15.
Nxd4 Bxd4 16. Bxd5 Nxd5 17. Qxd4 c6 18. Rhe1 Qf6 19. Qg4 Qd8 20. Kb1 h5 21. Qf5
g6 22. Qf3 h4 23. Re4 Rh5 24. c4 bxc4 25. Rxc4 Rf5 26. Qe4 Rc8 27. Qxh4 Qxh4 28.
Rxh4 Ke7 29. f3 c5 30. Ra4 Rc6 31. h4 Nc7 32. Rf1 Ne6 33. g4 Re5 34. Re4 f5 35.
Rxe5 dxe5 36. Re1 Kd6 37. gxf5 gxf5 38. h5 Rc7 39. h6 Rh7 40. Rg1 f4 41. Rg6 Ke7
42. Bc3 Kf7 43. Rg1 Nd4 44. Bxd4 cxd4 45. Rg5 Rxh6 46. Rxe5 Rh1+ 47. Kc2 Rh2+
48. Kb3 Rf2 49. Rf5+ Ke6 50. Rxf4 Ke5 51. Rf8 Kd5 52. Rf5+ Kc6 53. Rf6+ Kb7 54.
a4 d3 55. Kc3 d2 56. Kc2 d1=Q+ 57. Kxd1 Rxb2 58. Re6 Rf2 59. Re3 Kb6 60. Ke1 Ra2
61. Re4 Kc5 62. f4 Kd5 63. Re5+ Kd6 64. Ra5 Ke6 65. Kd1 Rf2 66. Rxa6+ Ke7 67.
Ra7+ Ke6 68. a5 Rxf4 69. a6 Kd6 1/2-1/2

[Event "World Rapid 2022"]
[Site "Almaty KAZ"]
[Date "2022.12.28"]
[Round "12.19"]
[White "Kobalia, Mikhail"]
[Black "Ganguly, Surya Shekhar"]
[Result "0-1"]
[WhiteTitle "GM"]
[BlackTitle "GM"]
[WhiteElo "2577"]
[BlackElo "2582"]
[WhiteFideId "4119150"]
[BlackFideId "5002150"]
[EventDate "2022.12.26"]

1. e4 e5 2. Nf3 Nc6 3. Bb5 Nf6 4. d3 Bc5 5. c3 O-O 6. O-O d5 7. exd5 Qxd5 8. Bc4
Qd8 9. Bg5 e4 10. Bxf6 Qxf6 11. dxe4 Bg4 12. Nbd2 Rad8 13. Qc2 Rfe8 14. Rae1 Ne5
15. Nxe5 Rxe5 16. Be2 Qf4 17. Nc4 Rh5 18. g3 Qh6 19. Bxg4 Rxh2 20. Bf3 Qh3 21.
Ne3 Rd6 22. Nf5 Rh6 0-1

[Event "World Rapid 2022"]
[Site "Almaty KAZ"]
[Date "2022.12.28"]
[Round "12.20"]
[White "Asadli, Vugar"]
[Black "Salem, A.R. Saleh"]
[Result "1/2-1/2"]
[WhiteTitle "GM"]
[BlackTitle "GM"]
[WhiteElo "2567"]
[BlackElo "2677"]
[WhiteFideId "13405764"]
[BlackFideId "9301348"]
[EventDate "2022.12.26"]

1. e4 e5 2. Nf3 Nc6 3. Nc3 Nf6 4. d4 exd4 5. Nxd4 Bb4 6. Nxc6 bxc6 7. Bd3 O-O 8.
O-O d5 9. Bd2 a5 10. exd5 cxd5 11. a3 Bc5 12. h3 c6 13. Qf3 Rb8 14. Bf4 Bd6 15.
b3 Qc7 16. Bxd6 Qxd6 17. Rfe1 Bd7 18. a4 Rb4 19. Ne2 g6 20. Rad1 Kg7 21. Qg3
Qxg3 22. fxg3 h5 23. Rf1 Re8 24. Rf4 Rb6 25. Rdf1 c5 26. Nc3 Re5 27. Nb5 Bc8 28.
Kh2 Re7 29. c3 Bd7 30. Nc7 Bf5 31. Bxf5 Rxc7 32. Bd3 Re7 33. b4 c4 34. Bc2 Re2
35. Bd1 Re3 36. bxa5 Ra6 37. g4 hxg4 38. hxg4 Ne4 39. Rxf7+ Kh6 40. g5+ Kxg5 41.
R1f4 Nf6 42. Rf3 Rxf3 43. gxf3 Kf4 44. Re7 Rxa5 45. Re6 Kf5 46. Rb6 g5 47. Bc2+
Ke5 48. Kg3 Ra8 49. Rb1 Nh5+ 50. Kf2 Nf4 51. Ra1 Rh8 52. Bd1 Rh2+ 53. Kg1 Rh6
54. Kf2 d4 55. cxd4+ Kxd4 56. a5 Ra6 57. Bc2 Kc3 58. Be4 Kb4 59. Kg3 Rxa5 60.
Rxa5 Kxa5 61. Kg4 Ne6 62. Kf5 Nc5 63. Bb1 Nb3 64. Kxg5 Nd2 65. Bg6 c3 66. Kf4
Nc4 67. Kg3 Kb4 68. f4 Kc5 69. Kf2 Kd4 70. Ke1 Ke3 71. Kd1 Kxf4 72. Kc2 Ne5 73.
Kxc3 1/2-1/2

[Event "World Rapid 2022"]
[Site "Almaty KAZ"]
[Date "2022.12.28"]
[Round "12.21"]
[White "Gelfand, Boris"]
[Black "Suleymanli, Aydin"]
[Result "1-0"]
[WhiteTitle "GM"]
[BlackTitle "GM"]
[WhiteElo "2667"]
[BlackElo "2543"]
[WhiteFideId "2805677"]
[BlackFideId "13413937"]
[EventDate "2022.12.26"]

1. d4 d5 2. c4 dxc4 3. e4 b5 4. a4 c6 5. Nc3 b4 6. Na2 e5 7. Nf3 exd4 8. Bxc4
Ba6 9. Qb3 Bxc4 10. Qxc4 c5 11. Nxb4 cxb4 12. Ne5 Qe7 13. Qc8+ Qd8 14. Qc4 Qe7
15. Qc8+ Qd8 16. Qxd8+ Kxd8 17. Nxf7+ Ke8 18. Nxh8 Nd7 19. Bf4 Ngf6 20. O-O-O
Nc5 21. Kb1 Nfd7 22. Bg3 d3 23. Rhe1 Be7 24. e5 Nf8 25. f4 g6 26. Bf2 Nfe6 27.
Be3 Rd8 28. g4 Bh4 29. Rf1 Nxa4 30. f5 gxf5 31. gxf5 Ng7 32. f6 Ne6 33. Rg1 Rd5
34. Rg8+ Kd7 35. Rg4 Nc3+ 36. bxc3 bxc3 37. Rxh4 c2+ 38. Kc1 cxd1=Q+ 39. Kxd1
Rxe5 40. Rxh7+ Kc6 41. Kd2 Rf5 42. f7 Kd5 43. Kxd3 a5 44. Ng6 Rf6 45. Rh5+ Kc6
46. Rxa5 1-0

[Event "World Rapid 2022"]
[Site "Almaty KAZ"]
[Date "2022.12.28"]
[Round "12.22"]
[White "Anton Guijarro, David"]
[Black "Nesterov, Arseniy"]
[Result "1-0"]
[WhiteTitle "GM"]
[BlackTitle "GM"]
[WhiteElo "2675"]
[BlackElo "2573"]
[WhiteFideId "2285525"]
[BlackFideId "24198455"]
[EventDate "2022.12.26"]

1. Nf3 d5 2. c4 e6 3. g3 Nf6 4. Bg2 Be7 5. O-O O-O 6. b3 b6 7. cxd5 Nxd5 8. Bb2
Bb7 9. d4 Nd7 10. Re1 c5 11. e4 N5f6 12. Nc3 cxd4 13. Nxd4 Ne5 14. Qe2 Bc5 15.
Red1 Bxd4 16. Nb5 Nc6 17. Bxd4 Nxd4 18. Rxd4 Qe7 19. Nd6 Rad8 20. Rad1 Ba8 21.
f4 g6 22. e5 Nd5 23. Rc1 Rxd6 24. exd6 Qxd6 25. Rdc4 Bb7 26. Qe5 Qa3 27. R1c2
Qe7 28. Rc7 Nxc7 29. Rxc7 Qa3 30. Rxb7 Qxa2 31. Qc3 Rd8 32. Bf1 Qa3 33. h4 h5
34. Kh2 Qa2+ 35. Bg2 Rf8 36. b4 Qa4 37. f5 gxf5 38. Qd2 Kh7 39. Qe2 Kg6 40. Qe3
Qxb4 41. Qg5+ Kh7 42. Qxh5+ Kg7 43. Qg5+ Kh7 44. Rxa7 Qd4 45. Rb7 Qb2 46. Qe3 b5
47. Qxe6 1-0

[Event "World Rapid 2022"]
[Site "Almaty KAZ"]
[Date "2022.12.28"]
[Round "12.23"]
[White "Bluebaum, Matthias"]
[Black "Nogerbek, Kazybek"]
[Result "0-1"]
[WhiteTitle "GM"]
[BlackTitle "IM"]
[WhiteElo "2657"]
[BlackElo "2468"]
[WhiteFideId "24651516"]
[BlackFideId "13710427"]
[EventDate "2022.12.26"]

1. d4 Nf6 2. c4 e6 3. Nc3 Bb4 4. e3 O-O 5. Bd2 c5 6. a3 Bxc3 7. Bxc3 Ne4 8. Ne2
b6 9. d5 Nxc3 10. Nxc3 d6 11. dxe6 fxe6 12. Bd3 Bb7 13. Qg4 Qe7 14. Be4 Bxe4 15.
Qxe4 Nd7 16. O-O-O Nf6 17. Qc6 Ng4 18. Ne4 Rad8 19. Rd2 d5 20. cxd5 exd5 21. Nc3
d4 22. exd4 Nxf2 23. Rf1 Nd3+ 24. Rxd3 Rxf1+ 25. Kc2 Rf2+ 26. Kb3 cxd4 27. Nd5
Qf7 28. Rxd4 Rf5 29. Kc4 Rf6 30. Qb5 Rfd6 31. g4 Qf1+ 32. Rd3 Qxd3+ 33. Kb4
Qxb5+ 34. Kc3 Rxd5 0-1

[Event "World Rapid 2022"]
[Site "Almaty KAZ"]
[Date "2022.12.28"]
[Round "12.24"]
[White "Yudin, Sergei"]
[Black "Gareyev, Timur"]
[Result "1/2-1/2"]
[WhiteTitle "GM"]
[BlackTitle "GM"]
[WhiteElo "2469"]
[BlackElo "2602"]
[WhiteFideId "4159659"]
[BlackFideId "14200937"]
[EventDate "2022.12.26"]

1. e4 e5 2. Nf3 Nc6 3. Bc4 Nf6 4. d3 h6 5. c3 d6 6. O-O g5 7. Re1 g4 8. Nfd2 h5
9. Nf1 h4 10. f4 gxf3 11. Qxf3 Bg4 12. Qf2 Be6 13. Na3 h3 14. g3 Ng4 15. Qf3 Qf6
16. Qxf6 Nxf6 17. Ne3 O-O-O 18. Nd5 Bxd5 19. exd5 Ne7 20. Bg5 Ng4 21. Rf1 Rg8
22. Bxe7 Bxe7 23. Rxf7 Bg5 24. Nc2 e4 25. d4 e3 26. Re1 Rdf8 27. Rxf8+ Rxf8 28.
Bf1 Nxh2 29. Kxh2 Rf2+ 30. Kxh3 Rxc2 31. Re2 Rxe2 32. Bxe2 Kd7 33. Kg4 Bd8 34.
Kf4 Ke8 35. Kxe3 Bg5+ 36. Ke4 Bc1 37. b3 Ke7 38. Bg4 b6 39. Bc8 a5 40. a4 Bd2
41. c4 Kf6 42. g4 Bb4 43. Kf4 Bd2+ 44. Kg3 Kg5 45. Kf3 Bb4 46. Ke4 Ba3 47. c5
dxc5 48. dxc5 Bxc5 49. Ke5 1/2-1/2

[Event "World Rapid 2022"]
[Site "Almaty KAZ"]
[Date "2022.12.28"]
[Round "12.26"]
[White "Daneshvar, Bardiya"]
[Black "Paravyan, David"]
[Result "1/2-1/2"]
[WhiteTitle "IM"]
[BlackTitle "GM"]
[WhiteElo "2500"]
[BlackElo "2586"]
[WhiteFideId "12576468"]
[BlackFideId "4194985"]
[EventDate "2022.12.26"]

1. Nf3 Nf6 2. c4 g6 3. Nc3 d5 4. cxd5 Nxd5 5. h4 Bg7 6. e4 Nxc3 7. dxc3 Qxd1+ 8.
Kxd1 f5 9. Bd3 fxe4 10. Bxe4 Nd7 11. Bf4 e5 12. Be3 Nf6 13. Nd2 Nxe4 14. Nxe4
Bf5 15. f3 h5 16. Ke2 Bxe4 17. fxe4 Bf6 18. a4 Be7 19. Rad1 c6 20. Rd3 Rf8 21.
g3 b6 22. Ra1 Rd8 23. Rxd8+ Bxd8 24. a5 Kd7 25. axb6 Bxb6 26. b4 Kc7 27. Bxb6+
Kxb6 28. Ke3 a6 29. Ra5 Re8 30. Rc5 Re7 31. Kf3 Rf7+ 32. Kg2 Re7 33. g4 Re8 34.
Kg3 Re7 35. Ra5 Re8 36. g5 Re7 37. Kf3 Re8 38. Ke3 Re7 39. c4 Kb7 40. Ke2 Re8
41. Kd2 Re7 42. Ke3 Re8 43. Ra1 Rf8 44. Rd1 Rf4 45. c5 a5 46. bxa5 Rxh4 47. Rd6
Rh3+ 48. Kf2 Rh4 49. Rxg6 Rxe4 50. Re6 Rg4 51. Rxe5 Ka6 52. Re6 Rxg5 53. Rxc6+
Kxa5 54. Rc8 Kb5 55. Kf3 Rxc5 56. Rxc5+ Kxc5 57. Kg3 Kd4 58. Kh4 Kc3 59. Kxh5 1/2-1/2

[Event "World Rapid 2022"]
[Site "Almaty KAZ"]
[Date "2022.12.28"]
[Round "12.27"]
[White "Uskov, Artem"]
[Black "Donchenko, Alexander"]
[Result "0-1"]
[WhiteTitle "FM"]
[BlackTitle "GM"]
[WhiteElo "2376"]
[BlackElo "2636"]
[WhiteFideId "34254854"]
[BlackFideId "24603295"]
[EventDate "2022.12.26"]

1. e4 c6 2. Nc3 d5 3. Nf3 Bg4 4. h3 Bxf3 5. Qxf3 e6 6. g3 Nf6 7. Bg2 Bc5 8. O-O
Nbd7 9. d3 O-O 10. Qe2 Qc7 11. Kh2 b5 12. f4 b4 13. Nd1 Kh8 14. g4 Rae8 15. Kh1
a5 16. a3 bxa3 17. bxa3 Bd4 18. c3 Ba7 19. Be3 Rb8 20. e5 Ng8 21. Bxa7 Qxa7 22.
f5 Rbe8 23. f6 Qc7 24. fxg7+ Kxg7 25. d4 f6 26. exf6+ Ndxf6 27. Ne3 Ne7 28. g5
Ne4 29. Bxe4 dxe4 30. Qg4 Nd5 31. Ng2 Nxc3 32. g6 Kh8 33. Nf4 Qg7 34. Qg3 e3 35.
Rae1 Qxd4 36. gxh7 Qe4+ 37. Kh2 Qc2+ 38. Kh1 Qe4+ 39. Kh2 Qc2+ 40. Kg1 Rg8 41.
hxg8=Q+ Rxg8 42. Rxe3 Nd5 43. Qxg8+ Kxg8 44. Rg3+ Kh7 45. Nxe6 Kh6 46. Rf2 Qe4
47. Ng5 Qe1+ 48. Rf1 Qxg3+ 0-1

[Event "World Rapid 2022"]
[Site "Almaty KAZ"]
[Date "2022.12.28"]
[Round "12.28"]
[White "Gharibyan, Mamikon"]
[Black "Najer, Evgeniy"]
[Result "0-1"]
[WhiteTitle "IM"]
[BlackTitle "GM"]
[WhiteElo "2480"]
[BlackElo "2662"]
[WhiteFideId "13308300"]
[BlackFideId "4118987"]
[EventDate "2022.12.26"]

1. d4 Nf6 2. Nf3 d5 3. c4 e6 4. Nc3 c6 5. Bg5 h6 6. Bxf6 Qxf6 7. e3 g6 8. Be2
Bg7 9. O-O O-O 10. Rc1 Qe7 11. Qc2 Nd7 12. a3 Rd8 13. Rfd1 a6 14. h3 Rb8 15. b4
b5 16. c5 f5 17. a4 Rf8 18. axb5 axb5 19. Bd3 g5 20. Ne2 e5 21. dxe5 Nxe5 22.
Nxe5 Bxe5 23. f4 Bg7 24. Qd2 Bd7 25. Re1 Ra8 26. Ng3 Ra3 27. Nh5 Bh8 28. Kh2 Qf7
29. Ng3 gxf4 30. exf4 h5 31. Re3 h4 32. Ne2 Bg7 33. Ng1 Bh6 34. Rf1 Qg7 35. Qe1
Qf6 36. Kh1 Rfa8 37. Nf3 Bxf4 38. Re7 Ra1 39. Bb1 Rxb1 40. Qxb1 Qxe7 41. Nd4 Qe5
42. Qd1 Bh6 43. Re1 Qf6 44. Nxb5 Bg7 45. Kh2 Ra1 0-1

[Event "World Rapid 2022"]
[Site "Almaty KAZ"]
[Date "2022.12.28"]
[Round "12.29"]
[White "Moiseenko, Alexander"]
[Black "Le, Tuan Minh"]
[Result "0-1"]
[WhiteTitle "GM"]
[BlackTitle "GM"]
[WhiteElo "2577"]
[BlackElo "2542"]
[WhiteFideId "14102560"]
[BlackFideId "12401153"]
[EventDate "2022.12.26"]

1. d4 d5 2. c4 e6 3. Nc3 dxc4 4. e4 a6 5. Bxc4 b5 6. Bd3 c5 7. Nf3 cxd4 8. Nxd4
Ne7 9. O-O Nbc6 10. Nf3 Ng6 11. Qe2 Be7 12. Be3 O-O 13. Rfd1 Qa5 14. a3 Bb7 15.
g3 Rac8 16. h4 Nge5 17. Bg5 f6 18. Bd2 Qb6 19. Be3 Bc5 20. Nxe5 fxe5 21. Bxc5
Qxc5 22. Rf1 Nd4 23. Qg4 Rcd8 24. Kg2 Rf6 25. Rac1 Qb6 26. Bb1 Rdf8 27. Nd1 Nb3
28. Rc2 Rg6 29. Qe2 Nd4 30. Qe3 Rf3 31. Qc1 Nb3 32. Kxf3 Nxc1 33. Rxc1 Rf6+ 34.
Kg2 Rf7 35. Ne3 Rd7 36. Ng4 Qd4 37. b4 h5 38. Nh2 Bxe4+ 39. Bxe4 Qxe4+ 40. Kg1
Rd3 41. Rfe1 Qd4 42. Kg2 Rxa3 43. Rc8+ Kh7 44. Rc5 Ra2 45. Rf1 Qe4+ 46. Kg1 Rb2
47. Rc3 Qxb4 48. Re3 e4 49. g4 Rb3 50. gxh5 Rxe3 51. fxe3 Qc5 52. Ng4 Qxh5 53.
Rf4 b4 54. Nf2 b3 0-1

[Event "World Rapid 2022"]
[Site "Almaty KAZ"]
[Date "2022.12.28"]
[Round "12.30"]
[White "Lazavik, Denis"]
[Black "Tsydypov, Zhamsaran"]
[Result "1-0"]
[WhiteTitle "GM"]
[BlackTitle "GM"]
[WhiteElo "2537"]
[BlackElo "2534"]
[WhiteFideId "13515110"]
[BlackFideId "4108566"]
[EventDate "2022.12.26"]

1. d4 Nf6 2. c4 e6 3. Nf3 d5 4. g3 Bb4+ 5. Bd2 Be7 6. Bg2 O-O 7. O-O Nbd7 8. Qc2
Ne4 9. Bf4 c6 10. Nc3 g5 11. Be3 f5 12. Rfd1 Nd6 13. b3 Bf6 14. a4 dxc4 15. a5
h6 16. Bc1 g4 17. Ne1 Bg5 18. Ba3 Be7 19. a6 Nb6 20. axb7 Bxb7 21. Bxd6 Qxd6 22.
bxc4 Nxc4 23. Nd3 Nb6 24. e3 Nd5 25. Na4 Ba6 26. Ne5 Bb5 27. Nc5 Bg5 28. e4 Nc7
29. Nb7 Qb4 30. Nc5 Rad8 31. Rab1 Qa3 32. exf5 exf5 33. Bxc6 1-0

[Event "World Rapid 2022"]
[Site "Almaty KAZ"]
[Date "2022.12.28"]
[Round "12.31"]
[White "Chigaev, Maksim"]
[Black "Tologon tegin, Semetei"]
[Result "1-0"]
[WhiteTitle "GM"]
[BlackTitle "IM"]
[WhiteElo "2632"]
[BlackElo "2394"]
[WhiteFideId "4108116"]
[BlackFideId "13800574"]
[EventDate "2022.12.26"]

1. e4 e5 2. Nf3 Nc6 3. Bc4 Bc5 4. c3 Nf6 5. d3 a6 6. a4 h6 7. O-O O-O 8. h3 d6
9. Nbd2 Ba7 10. Re1 Re8 11. Qb3 Re7 12. Qc2 Be6 13. Bxe6 Rxe6 14. b4 Qd7 15. Nf1
Ne7 16. Be3 Bxe3 17. Nxe3 Ng6 18. c4 c6 19. a5 d5 20. c5 Rd8 21. Rad1 Qc7 22.
Nf5 Nf4 23. Kh2 Ne8 24. g3 Ng6 25. Kg2 Ne7 26. N3h4 Kh7 27. Qc1 Ng8 28. Ne3 Ngf6
29. Ng4 Nxg4 30. hxg4 g6 31. Rh1 Kg7 32. g5 dxe4 33. dxe4 Rxd1 34. Rxd1 hxg5 35.
Qxg5 Kf8 36. Qh6+ Ke7 37. Nf3 Rf6 38. Ng5 Qc8 39. Nh7 1-0

[Event "World Rapid 2022"]
[Site "Almaty KAZ"]
[Date "2022.12.28"]
[Round "12.32"]
[White "Cheparinov, Ivan"]
[Black "Ter-Sahakyan, Samvel"]
[Result "1/2-1/2"]
[WhiteTitle "GM"]
[BlackTitle "GM"]
[WhiteElo "2688"]
[BlackElo "2605"]
[WhiteFideId "2905540"]
[BlackFideId "13302531"]
[EventDate "2022.12.26"]

1. e4 c5 2. Nf3 Nc6 3. d4 cxd4 4. Nxd4 Nf6 5. Nc3 e5 6. Ndb5 d6 7. Nd5 Nxd5 8.
exd5 Nb8 9. a4 Be7 10. Bd2 a6 11. Na3 O-O 12. Be2 a5 13. Bb5 f5 14. Qe2 f4 15.
O-O-O Bf5 16. g4 f3 17. Qe3 Bxg4 18. Rhg1 Bf5 19. Nc4 Nd7 20. Qxf3 Nc5 21. Qe3
Ne4 22. Nb6 Bh4 23. Nxa8 Bxf2 24. Qh6 Bxg1 25. Rxg1 Bg6 26. Qh3 Nxd2 27. Rxg6
hxg6 28. Qe6+ Kh7 29. Qh3+ Kg8 1/2-1/2